Ultimate aspect of rubber central market roles in Thailand (Record no. 71710)

MARC details
000 -LEADER
fixed length control field 00480nam a2200145Ia 4500
100 ## - MAIN ENTRY--AUTHOR NAME
Personal name Maenmeun Suchin
245 #0 - TITLE STATEMENT
Title Ultimate aspect of rubber central market roles in Thailand
260 ## - PUBLICATION, DISTRIBUTION, ETC. (IMPRINT)
Name of publisher IRRDB Symposium: Challenges for Natural Rubber in Globalization, 15-17 September 2003, Ching Mai, Thailand
650 ## - SUBJECT ADDED ENTRY--TOPICAL TERM
Topical Term Rubber market
650 ## - SUBJECT ADDED ENTRY--TOPICAL TERM
Topical Term Thailand
700 ## - ADDED ENTRY--PERSONAL NAME
Personal name Kunalasiri Anek
700 ## - ADDED ENTRY--PERSONAL NAME
Personal name Srikirinmart Somjit
942 ## - ADDED ENTRY ELEMENTS (KOHA)
Koha item type Journals
Holdings
Withdrawn status Lost status Damaged status Not for loan Home library Current library Shelving location Date acquired Koha item type
      Journals RRII Library RRII Library Agricultural economics 17/12/2021 Journals